000 00165nam a22000857a 4500
082 _a823
100 _aAMRITA &SANGEETA
245 _aTHE DONKEY AND THE GOAT
942 _cBK
999 _c8441
_d8441